<?xml version="1.0" encoding="UTF-8"?>
<record
    xmlns:xsi="http://www.w3.org/2001/XMLSchema-instance"
    xsi:schemaLocation="http://www.loc.gov/MARC21/slim http://www.loc.gov/standards/marcxml/schema/MARC21slim.xsd"
    xmlns="http://www.loc.gov/MARC21/slim">

  <leader>01719    a2200193   4500</leader>
  <controlfield tag="003">Nust</controlfield>
  <controlfield tag="005">20221223115454.0</controlfield>
  <datafield tag="020" ind1=" " ind2=" ">
    <subfield code="a">8122403379</subfield>
  </datafield>
  <datafield tag="040" ind1=" " ind2=" ">
    <subfield code="c">Nust</subfield>
  </datafield>
  <datafield tag="082" ind1=" " ind2=" ">
    <subfield code="a">621.388,GUL</subfield>
  </datafield>
  <datafield tag="100" ind1=" " ind2=" ">
    <subfield code="a">Gulati R.R</subfield>
    <subfield code="9">63177</subfield>
  </datafield>
  <datafield tag="245" ind1=" " ind2=" ">
    <subfield code="a">Modern Television Practice :</subfield>
    <subfield code="b">principles, technology and servicing /</subfield>
    <subfield code="c">R.R Gulati </subfield>
  </datafield>
  <datafield tag="260" ind1=" " ind2=" ">
    <subfield code="a">India</subfield>
    <subfield code="b">Wiley Eastern Limited</subfield>
    <subfield code="c">1991</subfield>
  </datafield>
  <datafield tag="300" ind1=" " ind2=" ">
    <subfield code="a">673p</subfield>
  </datafield>
  <datafield tag="505" ind1=" " ind2=" ">
    <subfield code="a">Introduction to Television (Page-1), Television Pictures (Page-10), Television Cameras (Page-23), Picture Tubes (Page-38),   Composite Video Signal (Page-60), Colour Signal Generation and Encoding (Page-74), Television Signal Transmission and Propagation (Page-92), Television Systems and Standards (Page-120), Monochrome Television Receiver  (Page-139), Pal-D Colour Receiver (Page-162), Television Receiver Tuners(Page-188), Vision if Subsystem(Page-211), Receiver Sound System (Page-238), Video Amplifiers and Luminance (Page-265), Colour Signal Decoding and Matrixing (Page-299), Sync Separation AFC Deflection (Page-332), Frame Deflection Circuits (Page-369), Line Deflection Circuit(Page-387),Television Receiver Power Supplies  (Page-400), Receiver Antenna and Transmission Lines (Page-421), Receiver Circuits Components and Trouble Shooting (Page-453), Receiver Alignment and Servicing (Page-479), B&amp;W Receiver Circuit and Aigment (Page-513), Monochrome Reviver Servicing (Page-530), Colour Receiver Types  (Page-551), Cable Television (Page-565), Satellite Television (Page-580), Video-Tape Recording and Playback (Page-596), Teletext and Video Games (Page-626), Advances in Television Technology (Page-644).	</subfield>
  </datafield>
  <datafield tag="600" ind1=" " ind2=" ">
    <subfield code="a">R R Gulati</subfield>
    <subfield code="9">105751</subfield>
  </datafield>
  <datafield tag="650" ind1=" " ind2=" ">
    <subfield code="a">Modern Television</subfield>
    <subfield code="9">105752</subfield>
  </datafield>
  <datafield tag="942" ind1=" " ind2=" ">
    <subfield code="2">ddc</subfield>
    <subfield code="c">BK</subfield>
  </datafield>
  <datafield tag="999" ind1=" " ind2=" ">
    <subfield code="c">183324</subfield>
    <subfield code="d">183324</subfield>
  </datafield>
  <datafield tag="952" ind1=" " ind2=" ">
    <subfield code="0">0</subfield>
    <subfield code="1">0</subfield>
    <subfield code="2">ddc</subfield>
    <subfield code="4">0</subfield>
    <subfield code="7">0</subfield>
    <subfield code="a">MCS</subfield>
    <subfield code="b">MCS</subfield>
    <subfield code="c">GEN</subfield>
    <subfield code="d">2016-12-12</subfield>
    <subfield code="o">621.388,GUL</subfield>
    <subfield code="p">MCS5663</subfield>
    <subfield code="r">2016-12-08</subfield>
    <subfield code="w">2016-12-12</subfield>
    <subfield code="y">BK</subfield>
    <subfield code="z">Almirah No.39, Shelf No.4</subfield>
  </datafield>
</record>
